Sistemas de información gerencial: administración de la empresa digital

Enregistré dans:
Détails bibliographiques
Auteurs principaux: Laudon, Kenneth C (Auteur), Laudon, Jane Price (Auteur)
Format: Livre
Langue:espagnol
Publié: Ciudad de México Pearson Educación 2008
Édition:10a. ed
Sujets:
Tags: Ajouter un tag
Pas de tags, Soyez le premier à ajouter un tag!

MARC

LEADER 00000nam a2200000 a 4500
001 UCI8290
003 CL-VaPUC
008 080821e20080000MX |||||||||||||||||spa|d
020 |a 9789702611912 
082 0 4 |a 658.4038  |b LAU  |2 21 
100 |a Laudon, Kenneth C  |e author  |9 601339 
700 |a Laudon, Jane Price  |e author  |9 601340 
245 1 0 |a Sistemas de información gerencial: administración de la empresa digital 
250 |a 10a. ed 
300 |a 645 p 
942 |c BK 
945 |d 20080821 00:00:00  |a jtorresc 
260 |a Ciudad de México  |b Pearson Educación  |c 2008 
650 0 |a Administración de empresas   |9 260833 
650 0 |a Gestión de la información   |9 362327 
650 0 |a Toma de decisiones   |9 257530 
650 7 |a SISTEMA DE INFORMACION  |2 CL-VaPUC  |9 497398 
650 0 |a Planificación estratégica   |9 259735 
583 |a last modification  |c 20080821 00:00:00  |k Rodrigo Vera 
999 |c 331279  |d 331277 
952 |0 0  |1 0  |4 0  |6 658_403800000000000_LAU_2008  |7 0  |8 R  |9 417582  |a BIBENE  |b BIBENE  |d 2019-11-22  |i 4474066  |o 658.4038 LAU 2008  |p 4474066  |r 2025-01-15  |w 2019-11-22  |y BK_R  |k ICO 
952 |0 0  |1 0  |4 0  |6 658_403800000000000_LAU_2008  |7 0  |8 R  |9 417583  |a BIBENE  |b BIBENE  |d 2019-11-22  |i 4654706  |o 658.4038 LAU 2008  |p 4654706  |r 2025-01-15  |w 2019-11-22  |y BK_R  |k ICO 
952 |0 0  |1 0  |4 0  |6 658_403800000000000_LAU_2008  |7 0  |8 R  |9 417584  |a BIBENE  |b BIBENE  |d 2019-11-22  |i 4654714  |o 658.4038 LAU 2008  |p 4654714  |r 2025-01-15  |w 2019-11-22  |y BK_R  |k ICO 
952 |0 0  |1 0  |4 0  |6 658_403800000000000_LAU_2008  |7 0  |8 R  |9 417585  |a BIBENE  |b BIBENE  |d 2019-11-22  |i 4654722  |o 658.4038 LAU 2008  |p 4654722  |r 2025-01-15  |w 2019-11-22  |y BK_R  |k ICO 
952 |0 0  |1 0  |4 0  |6 658_403800000000000_LAU_2008  |7 0  |8 R  |9 417586  |a BIBENE  |b BIBENE  |d 2019-11-22  |i 4654730  |o 658.4038 LAU 2008  |p 4654730  |r 2025-01-15  |w 2019-11-22  |y BK_R  |k ICO 
952 |0 0  |1 0  |4 0  |6 658_403800000000000_LAU_2008  |7 0  |8 R  |9 417587  |a BIBENE  |b BIBENE  |d 2019-11-22  |i 4654749  |o 658.4038 LAU 2008  |p 4654749  |r 2025-01-15  |w 2019-11-22  |y BK_R  |k ICO 
952 |0 0  |1 0  |4 0  |6 658_403800000000000_LAU_2008  |7 0  |8 R  |9 417588  |a BIBENE  |b BIBENE  |d 2019-11-22  |i 4654757  |o 658.4038 LAU 2008  |p 4654757  |r 2025-01-15  |w 2019-11-22  |y BK_R  |k ICO 
952 |0 0  |1 0  |4 0  |6 658_403800000000000_LAU_2008  |7 0  |8 R  |9 417589  |a BIBENE  |b BIBENE  |d 2019-11-22  |i 4654765  |o 658.4038 LAU 2008  |p 4654765  |r 2025-01-15  |w 2019-11-22  |y BK_R  |k ICO 
952 |0 0  |1 0  |4 0  |6 658_403800000000000_LAU_2008  |7 0  |8 R  |9 417590  |a BIBENE  |b BIBENE  |d 2019-11-22  |i 4654773  |o 658.4038 LAU 2008  |p 4654773  |r 2025-01-15  |w 2019-11-22  |y BK_R  |k ICO